000
00301 a2200157 4500
001
163680
020
_a
040
_c
Magnum
100
_a
Amos, Eduardo
240
1
0
_a
Colors
_l
ING
245
1
0
_a
Colors
362
0
_a
1899
440
1
_a
Moderna
697
_a
LITERATURA ESTRANGEIRA
942
_c
BK
999
_c
163680
_d
163680